Age-composition of mature area under natural rubber in India: A comparative analysis (Record no. 49719)

MARC details
000 -LEADER
fixed length control field 00511nam a2200193Ia 4500
100 ## - MAIN ENTRY--AUTHOR NAME
Personal name Jacob Jom
245 #0 - TITLE STATEMENT
Title Age-composition of mature area under natural rubber in India: A comparative analysis
260 ## - PUBLICATION, DISTRIBUTION, ETC. (IMPRINT)
Name of publisher Rubber Science
Year of publication 2016
300 ## - PHYSICAL DESCRIPTION
Number of Pages 153-158
650 ## - SUBJECT ADDED ENTRY--TOPICAL TERM
Topical Term Age-composition
650 ## - SUBJECT ADDED ENTRY--TOPICAL TERM
Topical Term Average yield
650 ## - SUBJECT ADDED ENTRY--TOPICAL TERM
Topical Term Census
650 ## - SUBJECT ADDED ENTRY--TOPICAL TERM
Topical Term New-planting
650 ## - SUBJECT ADDED ENTRY--TOPICAL TERM
Topical Term Replanting
650 ## - SUBJECT ADDED ENTRY--TOPICAL TERM
Topical Term Tapping age
700 ## - ADDED ENTRY--PERSONAL NAME
Personal name George K T
942 ## - ADDED ENTRY ELEMENTS (KOHA)
Koha item type Bibliography STAF
Holdings
Withdrawn status Lost status Damaged status Not for loan Home library Current library Shelving location Date acquired Serial Enumeration / chronology Koha item type
      Bibliography RRII Library RRII Library Economics 01/01/2021 Volume 29, Issue 2 Bibliography STAF